Vplyv nadnárodných spoločností na podnikateľské prostredie

Nadnárodné formy podnikania v Európe. Efekty podnikania cez nadnárodné spoločnosti. Finančné riadenie nadnárodných holdingov. Vzťahy v nadnárodných spoločnostiach. Toky a transfery nadnárodných spoločností. Regulácia cien v nadnárodných zoskupeniach. Vplyv nadnárodných spoločností na podnikateľské p...

Descrizione completa

Salvato in:
Dettagli Bibliografici
Autore principale: Harumová, Anna, 1955-
Natura: Capitolo di libro
Lingua:slovacco
Soggetti:
Tags: Aggiungi Tag
Nessun Tag, puoi essere il primo ad aggiungerne!!

MARC

LEADER 00000naa$a2200000$$$4500
001 0210160
005 20240502073510.5
041 0 |a slo 
044 |a SK 
245 1 0 |a Vplyv nadnárodných spoločností na podnikateľské prostredie  |c Anna Harumová 
520 |a Nadnárodné formy podnikania v Európe. Efekty podnikania cez nadnárodné spoločnosti. Finančné riadenie nadnárodných holdingov. Vzťahy v nadnárodných spoločnostiach. Toky a transfery nadnárodných spoločností. Regulácia cien v nadnárodných zoskupeniach. Vplyv nadnárodných spoločností na podnikateľské prostredie. 
610 2 0 |a spoločnosti nadnárodné 
610 2 0 |a holding 
610 2 0 |a riadenie finančné 
610 2 0 |a regulácia cenová 
610 2 0 |a prostredie podnikateľské 
100 1 |a Harumová, Anna, 1955-